000 00434 a2200145 4500
040 _aDLC
_bDLC
082 _a 297.122521
100 _aMoududi, S. Abul-ul-Allah
_991533
245 _aTafheem-ul-Quran (Vol V)
_cS. Abul-ul-Aalah Moududi
_h[Urdu]
260 _aLahore:
_bIdara Tarjaman-ul-Quran,
_c2004.
300 _a675 p. ;
_c26 cm.
563 _aHB
650 _aQuran (Surahs) -- Commentaries
_991534
942 _cBK
_k 297.122521 MOD
_2ddc
999 _c7325
_d7325